Online
Catalog

Reformas a la constitución / (Record no. 7918)

MARC details
000 -CABECERA
campo de control de longitud fija 01495nam a2200253 a 4500
001 - NÚMERO DE CONTROL
campo de control 000008141
003 - IDENTIFICADOR DEL NÚMERO DE CONTROL
campo de control DO-SdBNP
005 - FECHA Y HORA DE LA ÚLTIMA TRANSACCIÓN
campo de control 20260305073950.0
008 - DATOS DE LONGITUD FIJA--INFORMACIÓN GENERAL
campo de control de longitud fija 090902s1983 dr 000 0 spa d
040 ## - FUENTE DE LA CATALOGACIÓN
Centro catalogador/agencia de origen DO-SdBNP
Lengua de catalogación spa
Centro/agencia transcriptor BNPHU
082 #4 - NÚMERO DE LA CLASIFICACIÓN DECIMAL DEWEY
Número de clasificación 342.729303
Número de documento/Ítem R332c
Número de edición 22
245 00 - MENCIÓN DE TÍTULO
Título Reformas a la constitución /
Mención de responsabilidad, etc. editor Frank Moya Pons.
260 ## - PUBLICACIÓN, DISTRIBUCIÓN, ETC.
Lugar de publicación, distribución, etc. Santo Domingo :
Nombre del editor, distribuidor, etc. FORUM,
Fecha de publicación, distribución, etc. 1983.
300 ## - DESCRIPCIÓN FÍSICA
Extensión 113 p. ;
Dimensiones 22 cm.
490 ## - MENCIÓN DE SERIE
Mención de serie FORUM
Designación de volumen o secuencia 9
500 ## - NOTA GENERAL
Nota general Exposiciones presentadas en el Encuentro sobre Reformas a la Constitución, celebrado por FORUM el viernes 18 de febrero de 1983, en el Hotel Santo Domingo Sur.
505 0# - NOTA DE CONTENIDO CON FORMATO
Información miscelánea Presentación --
-- Introdución --
Título El proyecto de Reforma Constitucional sometido a la Asamblea Nacional por el presidente Salvador Jorge Blanco /
Mención de responsabilidad Wenceslao Vega Boyre --
Título Principios y teorías para una reforma constitucional /
Mención de responsabilidad Manuel Ramón Morel Cerda --
Título El control de la Constitucionalidad de las leyes, decretos, resoluciones, reglamentos y actos. Un juicio crítico sobre la propuesta reforma del artículo 67, de la vigente Constitución de la República /
Mención de responsabilidad Jottin Cury --
Título Las instituciones políticas y la Constitución de la República /
Mención de responsabilidad Ramón Tapia Espinal.
590 ## - NOTA LOCAL (RLIN)
Nota local Inventariado, 2018/ YL
650 #4 - PUNTO DE ACCESO ADICIONAL DE MATERIA--TÉRMINO DE MATERIA
Término de materia o nombre geográfico como elemento de entrada Reformas constitucionales
Subdivisión geográfica República Dominicana
Subdivisión de forma CONGRESOS, CONFERENCIAS, ETC.
9 (RLIN) 16556
700 1# - PUNTO DE ACCESO ADICIONAL--NOMBRE DE PERSONA
Nombre de persona Moya Pons, Frank,
Fechas asociadas al nombre 1944-
Término indicativo de función/relación ed.
9 (RLIN) 2095
830 #0 - PUNTO DE ACCESO ADICIONAL DE SERIE-TÍTULO UNIFORME
Título uniforme FORUM
Designación de volumen o secuencia 9
9 (RLIN) 7431
910 ## - DATOS DE OPCIÓN DEL USUARIO (OCLC)
Datos de opción del usuario Validado. Control de calidad EMS
942 ## - ELEMENTOS DE PUNTO DE ACCESO ADICIONAL (KOHA)
Fuente del sistema de clasificación o colocación Dewey Decimal Classification
Tipo de ítem Koha Libro
Holdings
Estado de retiro Estado de pérdida Fuente del sistema de clasificación o colocación Restricciones de uso No para préstamo Código de colección Localización permanente Ubicación/localización actual Ubicación en estantería Fecha de adquisición Signatura topográfica completa Código de barras Fecha visto por última vez Número de copia Precio válido a partir de Tipo de ítem Koha
    Dewey Decimal Classification Préstamo en sala   Dominicana de Servicio Biblioteca Nacional Pedro Henríquez Ureña Biblioteca Nacional Pedro Henríquez Ureña Depósito 01.08.2019 BNPHU DS 342.729303 R332c 8141-30 25.06.2020 e.3 25.06.2020 Libro
    Dewey Decimal Classification Excluido de préstamo   Patrimonio Dominicano Biblioteca Nacional Pedro Henríquez Ureña Biblioteca Nacional Pedro Henríquez Ureña Depósito 15.09.2009 BNPHU PD 342.729303 R332c 8141-10 25.06.2020   25.06.2020 Libro
    Dewey Decimal Classification Excluido de préstamo   Patrimonio Dominicano Biblioteca Nacional Pedro Henríquez Ureña Biblioteca Nacional Pedro Henríquez Ureña Depósito 24.04.2015 BNPHU PD 342.729303 R332c 8141-20 25.06.2020 e.2 25.06.2020 Libro

Powered by Koha